| 000 | 01706cam a2200409 a 4500 | ||
|---|---|---|---|
| 001 | 125436 | ||
| 005 | 20230410121047.0 | ||
| 008 | 960429s1997 nju b 001 0 eng | ||
| 035 | _a4944085 | ||
| 010 | _a 96021482 | ||
| 020 | _a1560002646 (acid-free paper) | ||
| 035 | _9(DLC) 96021482 | ||
| 040 |
_aDLC _cDLC _dDLC |
||
| 041 | _aEng | ||
| 043 | _as-ck--- | ||
| 050 | 1 | 4 |
_aJL 2881 _bM388p 1997 |
| 082 | 0 | 0 | _a320.9861 |
| 100 | 1 | _aMartz, John D. | |
| 245 | 1 | 4 |
_aThe politics of clientelism : _bdemocracy & the state in Colombia / _cJohn D. Martz. |
| 260 |
_aNew Brunswick, NJ : _bTransaction Publishers, _cc1997. |
||
| 300 |
_axii, 358 p. ; _b23 cm. |
||
| 504 | _aIncludes bibliographical references (p. 325-349) and index. | ||
| 520 | 1 |
_a"Integrates social science literature on clientelism with a sharp narrative of Colombian politics during and after the Frente Nacional. Argues that as the Colombian State developed in the second half of 20th century, traditional forms of clientelism were modernized and incorporated into State practices, a process that presented a major barrier to regime democratization"--Handbook of Latin American Studies, v. 57. _uhttp://www.loc.gov/hlas/ |
|
| 650 | 0 |
_aPatronage, Political _zColombia. |
|
| 650 | 0 |
_aPatron and client _zColombia. |
|
| 651 | 0 |
_aColombia _xPolitics and government _y1946- |
|
| 650 | 0 |
_aDemocracy _zColombia. |
|
| 650 | 0 | _aState, The. | |
| 650 | 4 |
_aPatrocinio político _zColombia. |
|
| 650 | 4 |
_aClientelismo _zColombia. |
|
| 650 | 4 |
_aDemocracia _zColombia. |
|
| 650 | 4 |
_aEstado _zColombia. |
|
| 651 | 4 |
_aColombia _xPolítica y gobierno. |
|
| 920 | _a**LC HAS REQ'D # OF COPIES** | ||
| 942 |
_2lcc _cbk |
||
| 946 | _advf | ||
| 999 |
_c57175 _d57175 |
||